Kiến trúc nhà ở nông thôn

Nội dung sách giới thiệu về quá trình phát triển nhà ở nông thôn, thiết kế các loại hình nhà ở nông thôn, kiến trúc nhà ở nông thôn trong điều kiện khí hậu nhiệt đới.

Na minha lista:
Detalhes bibliográficos
Autor principal: Nguyễn, Đình Thi
Formato: Livro
Idioma:Undetermined
Publicado em: Hà Nội Khoa học và kỹ thuật 2011
Assuntos:
Tags: Adicionar Tag
Sem tags, seja o primeiro a adicionar uma tag!
Thư viện lưu trữ: Trung tâm Học liệu Trường Đại học Cần Thơ
LEADER 00873nam a2200205Ia 4500
001 CTU_180449
008 210402s9999 xx 000 0 und d
020 |c 120000 
082 |a 721 
082 |b Th300 
100 |a Nguyễn, Đình Thi 
245 0 |a Kiến trúc nhà ở nông thôn 
245 0 |c Nguyễn Đình Thi 
260 |a Hà Nội 
260 |b Khoa học và kỹ thuật 
260 |c 2011 
520 |a Nội dung sách giới thiệu về quá trình phát triển nhà ở nông thôn, thiết kế các loại hình nhà ở nông thôn, kiến trúc nhà ở nông thôn trong điều kiện khí hậu nhiệt đới. 
650 |a Architecture, domestic,Building,Kiến trúc, nội địa 
904 |i Tuýen 
980 |a Trung tâm Học liệu Trường Đại học Cần Thơ